BSOP header

完成使命-直奔標竿401課程(學生版) Class 401-Discovering my life mission (for students) {ch} / (Record no. 34215)

MARC details
000 -LEADER
fixed length control field 00787nam a2200205 4500
008 - FIXED-LENGTH DATA ELEMENTS--GENERAL INFORMATION
fixed length control field 100430s2001 ch chi
020 ## - INTERNATIONAL STANDARD BOOK NUMBER
International Standard Book Number 9578763905 :gift
090 ## - LOCALLY ASSIGNED LC-TYPE CALL NUMBER (OCLC); LOCAL CALL NUMBER (OCLC)
Classification number (OCLC) (R) ; Classification number, CALL (RLIN) (NR) BV4509.C5
Local cutter number (OCLC) ; Book number/undivided call number, CALL (RLIN) W25dis
100 1# - MAIN ENTRY--PERSONAL NAME
Personal name 華理克 Warren, Rick
245 10 - TITLE STATEMENT
Title 完成使命-直奔標竿401課程(學生版) Class 401-Discovering my life mission (for students) {ch} /
Statement of responsibility, etc 華理克 Rick Warren; 楊高俐理trans. by Lily K. Yang.
260 ## - PUBLICATION, DISTRIBUTION, ETC. (IMPRINT)
Place of publication, distribution, etc Taipei :
Name of publisher, distributor, etc Christian Arts Press,
Date of publication, distribution, etc c2001.
300 ## - PHYSICAL DESCRIPTION
Extent 80 p.
650 #4 - SUBJECT ADDED ENTRY--TOPICAL TERM
Topical term or geographic name as entry element Christian life {ch}.
650 #4 - SUBJECT ADDED ENTRY--TOPICAL TERM
Topical term or geographic name as entry element Missions {ch}.
650 #4 - SUBJECT ADDED ENTRY--TOPICAL TERM
Topical term or geographic name as entry element Spiritual formation {ch}.
650 #4 - SUBJECT ADDED ENTRY--TOPICAL TERM
Topical term or geographic name as entry element 生命造就 Spiritual life
General subdivision Christianity {ch}.
951 ## - EQUIVALENCE OR CROSS-REFERENCE-GEOGRAPHIC NAME/AREA NAME [OBSOLETE] [CAN/MARC only]
General subdivision 00040460
700 1# - ADDED ENTRY--PERSONAL NAME
Personal name Yang, Lily K.
951 ## - EQUIVALENCE OR CROSS-REFERENCE-GEOGRAPHIC NAME/AREA NAME [OBSOLETE] [CAN/MARC only]
-- C-9660
-- CHBV4509.C5/W25dis/c.2
-- 100430175329875
-- 2000-12-21
Holdings
Withdrawn status Lost status Damaged status Not for loan Home library Current library Date acquired Accession number Shelving control number Total Checkouts Full call number Barcode Date last seen Price effective from Koha item type
        BSOP Library BSOP Library 12/21/2000 C-9660 127   CHBV4509.C5/W25dis/c.2 00040460 02/23/2013 02/23/2013 Books
BSOP

Biblical Seminary of the Philippines
  All rights Reserved
  © 2024

CONTACT INFORMATION

Biblical Seminary of the Philippines,
  77-B Karuhatan Road, Valenzuela City,
  PHILIPPINES 1441
  Phone: +632 8292-6795 / 8292-6798
  Fax : +632 8292-6675
  Email: library@bsop.edu.ph